Missy Elliott Discography - Statistics

General Stats
  • This quiz has been taken 5 times
  • The average score is 4 of 12
Answer Stats
Year Name Type % Correct
2001 Miss E... So Addictive Album
80%
1997 Supa Dupa Fly Album
80%
2005 The Cookbook Album
80%
2002 Under Construction Album
80%
1999 Da Real World Album
40%
2006 Respect M.E. Compilation
20%
2003 This Is Not a Test! Album
20%
2003 3 For One: Miss E... So Addictive / Da Real World / Supa Dupa Fly Box Set
0%
2008 Da Real World / Supa Dupa Fly Box Set
0%
2013 Original Album Series Compilation
0%
2005 Recipe of Hits Compilation
0%
2003 Supa Dupa Fly / Da Real World Box Set
0%
No matching quizzes found
Score Distribution
Percent of People with Each Score
Percentile by Number Answered
Your Score History
You have not taken this quiz